000 00516nam a22001575i 4500
001 167355
003 ES-MaACL
005 20230906213516.0
008 050923s1860 fr | |||||||| ||fre d
040 _aCAM
_bspa
_cCAM
100 1 _aVeuillot, Louis (
_d1813-1883)
_9133656
245 1 0 _aÇa et la /
_cpar Louis Veuillot.
260 _aParis :
_bGaume Frères et J. Duprey, éditeurs,
_c1860 (
_fImp. Simon Raçon et Comp.)
300 _a2 v. (493 ; 533 p.) ;
_c18 cm.
852 _aES-MaACL
_jG-9880-81
_z-- Enc. hol.
999 _c167355
_d167355